| 000 | 01543cab a2200313 4500 | ||
|---|---|---|---|
| 001 | ABS51583 | ||
| 008 | 090401t1994 xxu||||| |||| 00| 0 eng d | ||
| 035 | _a(Sirsi) u34076 | ||
| 041 | _aeng | ||
| 245 | _aFordgate Bingley Ltd v Argyll Stores Ltd | ||
| 260 | _c1994 | ||
| 350 | _a0 | ||
| 490 |
_aEstates Gazette _v(1994) 39 EG 135-139(5) |
||
| 520 | _aChD 25 February 1994. Landlord, F, could not agree an open market rent with tenant A within the timescale set by the lease. In these circumstances the rent review clause provided for appointment of a surveyor by the RICS to act as expert, upon the landlord`s application. Failure to apply within three months would invalidate any further review notices. F did not apply but later turned to the court under the Arbitration Act 1950 s27 for a discretionary appointment out of time. A challenged the applicability of s27, arguing that it referred to the appointment of an arbitrator rather than an expert. "Held" in favour of the tenant. | ||
| 650 | _aAPPOINTMENT OF ARBITRATOR | ||
| 650 | _aARBITRATION ACT 1950 S27 | ||
| 650 | _aARBITRATORS | ||
| 650 | _aEXPERTS | ||
| 650 | _aEXTENSION OF TIME | ||
| 650 | _aFORDGATE BINGLEY LTD V ARGYLL STORES LTD | ||
| 650 | _aOUT OF TIME | ||
| 650 | _aRENT REVIEWS | ||
| 650 | _aTIME LIMIT | ||
| 650 | _aTIME LIMITS | ||
| 690 | _aMANAGEMENT-DISPUTE AVOIDANCE, MANAGEMENT AND RESOLUTION-DISPUTE MANAGEMENT AND RESOLUTION-ARBITRATION | ||
| 690 | _aLANDLORD AND TENANT-CASE LAW-RENT REVIEWS | ||
| 942 | _n0 | ||
| 948 | _c04/03/1997 | ||
| 999 |
_c22619 _d22619 |
||